Titres de chansons de Max Boublil - Clic Quiz - Statistiques

Statistiques générales
  • Ce quiz a été pris 85 fois
  • Le résultat moyen est 16 sur 20
Statistiques - réponses
Hint Réponse % Correct
Une larme qui Coule
95%
Joyeux Noël
95%
Pâte à Crêpe
94%
J'aime les Moches
94%
Ce soir tu vas Prendre
92%
J'entends Rien
92%
T'es Bonne
91%
L'inconnue du boulevard Bessières
90%
Prête-moi ta Meuf
88%
Susan Boyle
86%
Moyen Moyenne
83%
Tous des Mythos
82%
Depuis que tu n'es plus
81%
Chanson Raciste
77%
Mon Coloc'
73%
J'kiffe ton Tugudu
62%
Montrez les Nous
61%
Clash Gentil
58%
En Couple
52%
Freddy - C'est trop Gros
48%
Aucun quiz correspondant
Distribution des résultats
% des personnes avec chaque résultat
Percentile par nombre de réponses
Votre historique - résultats
Vous n’avez pas pris ce quiz